Developing agroforestry to provide income for public recreational parks /

Guardado en:
Autor Principal: Broder, Josef M.
Otros Autores: Odronic, Brehon Holland, 1951-
Formato: Libro
Idioma:English
Publicado: [Athens, Ga.] : Georgia Agricultural Experiment Stations, University of Georgia, 1989.
Series:Research Bulletin ; nº 378,
Etiquetas: Agregar Etiqueta
Sin Etiquetas, Sea el primero en etiquetar este registro!
LEADER 00667nam a22001695a 4500
001 EEA.libagro005489
005 20180626122417.0
008 130809s1989####xxua##########000#0#eng#d
082 0 4 |a 712.5 
082 0 4 |a 363.68 
100 1 |a Broder, Josef M. 
245 1 0 |a Developing agroforestry to provide income for public recreational parks /  |c Josef M. Broder and Brehon H. Odronic. 
260 |a [Athens, Ga.] :  |b Georgia Agricultural Experiment Stations, University of Georgia,  |c 1989. 
300 |a 21 p. :  |b il., mapas ;  |c 23 cm. 
490 1 |a Research Bulletin ;  |v nº 378,  |x 0435-4680 
700 1 |a Odronic, Brehon Holland,  |d 1951- 
859 |a AR-BbBCA  |b BIB. AGRONOMIA  |h 712.5  |i B864  |p 1996/2803